00498nam a22001457a 4500008004100000040005500041080002400096245005500120260003700175500004300212650002500255653001500280700002800295700002900323230420b |||||||| |||| 00| 0 eng d aNational Science LibrarycNational Science Library a666.7(082.2) bK8.1 aAnisotropy in single-crystal refractory compounds  aNew York: bPlenum Press, c1968 aVol. 1 (xix, 405p.) Vol. 2 (xi, 493p.) aChemical technology  aChemistry  aVahldiek, Fred W (Ed.)  aMersol, Stanley A (Ed.)